000 00393nam a2200169Ia 4500
005 20250508161925.0
008 008 250505s9999 xx 000 0 hin d
037 _aTextual
040 _aFEDL
_beng
_cFEDL
041 _ahin
_2eng
084 _aFH, CHA
_qFEDL
245 0 _aChampak
260 _c1973
300 _a58p.
942 _cTEXL
_hFH, CHA
999 _c1373242
_d1373242